| 000 | 00863nam a2200229Ia 4500 | ||
|---|---|---|---|
| 003 | Ost | ||
| 005 | 20260507075802.0 | ||
| 008 | 260507s9999||||xx |||||||||||||| ||und|| | ||
| 020 | _a9789947340950 | ||
| 040 | _cfsecg | ||
| 041 | _aara | ||
| 082 | _a658.4013 | ||
| 100 |
_aعقون، سعاد _eمؤلف |
||
| 245 | 0 |
_aمراقبة التسيير : _bدروس وتطبيقات / _c سعاد عقون |
|
| 246 | _acontrole de gestion | ||
| 260 |
_aالجزائر: _bالصفحات الزرقاء, |
||
| 300 |
_a168 صفحة؛ _bإيضاحات ؛ _c24 سم |
||
| 520 | _aيضم ماهية مراقبة التسيير، أدوات التوجه المالي لمراقبة التسيير، أدوات التوجه التسييري لمراقبة التسيير. | ||
| 653 | _aالتخطيط | ||
| 653 | _aالرقابة الإدارية | ||
| 942 | _cكتاب | ||
| 999 |
_c46305 _d46305 |
||